000 nam a22 7a 4500
999 _c129776
_d129776
008 190903b xxu||||| |||| 00| 0 eng d
050 _aBX3756.I31 A3
100 _aIgnatius, St.
_938485
245 _aPour suivre le chemin du pelerin
_cIgnatius, st. , Aivaro Crooke et al...
260 _aKinshasa
_bEditions Saint Francois Xavier
_cno date
300 _a111p. ;
_c20cm.
600 _aIgnatius of Loyola, St.
_914828
942 _2lcc
_cMONOGRAPH